[Event "Sachsen-Anhalt Verbandsliga 1920"]
[Site "Sachsen Anhalt"]
[Date "2020.10.17"]
[Round "8.7"]
[White "Fritsch, Lea"]
[Black "Schlag, Andreas"]
[Result "0-1"]
[WhiteElo "1665"]
[BlackElo "1865"]
[PlyCount "124"]
[EventDate "2019.09.29"]
[EventType "team-tourn"]
[EventRounds "9"]
[EventCountry "GER"]
[SourceTitle "EXT 2023"]
[Source "ChessBase"]
[SourceDate "2022.10.05"]
[SourceVersion "1"]
[SourceVersionDate "2022.10.05"]
[SourceQuality "1"]
[WhiteTeam "Halle USV II"]
[BlackTeam "Naumburg"]
[WhiteTeamCountry "GER"]
[BlackTeamCountry "GER"]

1. e4 d6 2. d4 Nf6 3. Nd2 e5 4. c3 c6 5. Bd3 Bg4 6. Qc2 Nbd7 7. Ngf3 Be7 8. 0-0 0-0 9. Re1 Bh5 10. h3 Qc7 11. Nh4 Bg6 12. Nxg6 hxg6 13. Nf3 Nh7 14. Be3 Rac8 15. Rad1 a6 16. Qc1 b5 17. Bb1 Rfe8 18. Re2 Ndf8 19. Bc2 a5 20. Qd2 Red8 21. Bb3 Nd7 22. a3 c5 23. Ba2 c4 24. Qc1 Qb7 25. Bb1 Nhf6 26. Bg5 Re8 27. Qd2 Rcd8 28. Qc1 Nh7 29. Bxe7 Rxe7 30. dxe5 dxe5 31. Qe3 Nhf6 32. Red2 Rc8 33. g4 Nf8 34. Rd6 Rc6 35. R6d2 N6d7 36. Rd5 f6 37. g5 Ne6 38. gxf6 gxf6 39. Qh6 Nf4 40. Kh2 Rc7 41. Qh4 Rh7 42. Qg4 Rxh3+ 43. Kg1 Nf8 44. Rd8 Rch7 45. Kf1 Rh1+ 46. Ng1 R7h4 47. Qg3 Kf7 48. R1d2 Qe7 49. Ke1 Qe6 50. f3 R4h3 51. Qf2 Qe7 52. Kd1 R3h2 53. Qe3 Nh3 54. Rxf8+ Qxf8 55. Rxh2 Rxg1+ 56. Kc2 Qd6 57. Rd2 Qc7 58. Qh6 Ng5 59. Qh2 Qc5 60. Rd7+ Ke6 61. Rd5 Qe3 62. Rd2 Qe1 0-1

[Event "WchT Seniors 50"]
[Site "Prague"]
[Date "2020.03.09"]
[Round "4.20"]
[White "Ortoft, Kai"]
[Black "Schlag, Andreas"]
[Result "0-1"]
[WhiteElo "1972"]
[BlackElo "2057"]
[PlyCount "90"]
[EventDate "2020.03.06"]
[EventType "team-swiss"]
[EventRounds "7"]
[EventCountry "CZE"]
[SourceTitle "CBM 195 Extra"]
[Source "ChessBase"]
[SourceDate "2020.05.31"]
[SourceVersion "1"]
[SourceVersionDate "2020.05.31"]
[SourceQuality "1"]
[WhiteTeam "Norway 50"]
[BlackTeam "Germany 50 VIII"]
[WhiteTeamCountry "NOR"]
[BlackTeamCountry "GER"]

1. d4 f5 2. Nf3 Nf6 3. g3 e6 4. Bg2 Be7 5. 0-0 0-0 6. c4 c6 7. b3 d5 8. Ba3 Bxa3 9. Nxa3 Qe7 10. Nb1 a5 11. Qc2 Bd7 12. Nbd2 Rd8 13. Ne5 Be8 14. e3 Nbd7 15. Ndf3 Ra7 16. Nd3 Bg6 17. Nfe5 Bh5 18. a3 Nxe5 19. Nxe5 Ra6 20. Rfc1 Be8 21. Qb2 Rb6 22. c5 Ra6 23. b4 Ne4 24. Bf1 Ra7 25. Rcb1 h5 26. Bd3 h4 27. f3 Ng5 28. Qg2 hxg3 29. Qxg3 axb4 30. axb4 Rda8 31. Rxa7 Rxa7 32. Kh1 Nh7 33. b5 Ra3 34. bxc6 bxc6 35. e4 fxe4 36. fxe4 dxe4 37. Qe1 exd3 38. Qb4 Ra8 39. Qc4 d2 40. Rd1 Ng5 41. Rxd2 Ra1+ 42. Kg2 Ne4 43. Rd3 Qg5+ 44. Rg3 Nxg3 45. Qxe6+ Kh7 0-1

[Event "WchT Seniors 50"]
[Site "Prague"]
[Date "2020.03.08"]
[Round "3.11"]
[White "Schlag, Andreas"]
[Black "Weyrich, Morten"]
[Result "0-1"]
[WhiteElo "2057"]
[BlackElo "2281"]
[PlyCount "96"]
[EventDate "2020.03.06"]
[EventType "team-swiss"]
[EventRounds "7"]
[EventCountry "CZE"]
[SourceTitle "CBM 195 Extra"]
[Source "ChessBase"]
[SourceDate "2020.05.31"]
[SourceVersion "1"]
[SourceVersionDate "2020.05.31"]
[SourceQuality "1"]
[WhiteTeam "Germany 50 VIII"]
[BlackTeam "Germany 50 IV"]
[WhiteTeamCountry "GER"]
[BlackTeamCountry "GER"]

1. e4 e5 2. Nf3 Nc6 3. d4 exd4 4. Nxd4 Bc5 5. Nxc6 Qf6 6. Qe2 dxc6 7. h3 Ne7 8. Nc3 Be6 9. Qf3 Qxf3 10. gxf3 0-0-0 11. Bd3 Rhe8 12. Be3 Bd4 13. Bxd4 Rxd4 14. Ne2 Rd6 15. Nf4 Red8 16. Nxe6 Rxe6 17. 0-0-0 Rf6 18. Be2 Ng6 19. Rxd8+ Kxd8 20. Kd2 Nh4 21. Ke3 g5 22. Rg1 h6 23. Rg4 Re6 24. Bc4 Re7 25. Rg1 Nf5+ 26. Kd3 Rd7+ 27. Kc3 Nd4 28. h4 Nxf3 29. Rg3 Nxh4 30. f4 gxf4 31. Rg8+ Ke7 32. Rh8 b5 33. Rxh6 Ng6 34. Bd3 a6 35. b4 Rd8 36. Rh5 Ke6 37. Be2 Rh8 38. Bg4+ Kd6 39. Rf5 Ne5 40. Bh5 Ke6 41. Kd4 f6 42. Be2 Rh2 43. Bd3 f3 44. Ke3 Rh1 45. a4 bxa4 46. Bxa6 a3 47. Rxe5+ Kxe5 48. Bc4 Rh4 0-1

[Event "WchT Seniors 50"]
[Site "Prague"]
[Date "2020.03.06"]
[Round "1.9"]
[White "Fritsche, Lutz"]
[Black "Schlag, Andreas"]
[Result "0-1"]
[WhiteElo "2321"]
[BlackElo "2057"]
[PlyCount "80"]
[EventDate "2020.03.06"]
[EventType "team-swiss"]
[EventRounds "7"]
[EventCountry "CZE"]
[SourceTitle "CBM 195 Extra"]
[Source "ChessBase"]
[SourceDate "2020.05.31"]
[SourceVersion "1"]
[SourceVersionDate "2020.05.31"]
[SourceQuality "1"]
[WhiteTeam "Germany 50 II"]
[BlackTeam "Germany 50 VIII"]
[WhiteTeamCountry "GER"]
[BlackTeamCountry "GER"]

1. f4 d5 2. Nf3 Nf6 3. e3 b6 4. b3 e6 5. Bb2 Be7 6. Be2 0-0 7. 0-0 Bb7 8. Qe1 c5 9. d3 Nbd7 10. Nbd2 b5 11. Ne5 Qa5 12. a4 b4 13. Qg3 Qc7 14. Ndf3 g6 15. Qh3 d4 16. exd4 Bxf3 17. Bxf3 Rac8 18. d5 exd5 19. Rae1 Nb8 20. f5 d4 21. Bc1 Bd6 22. Nc4 Nbd7 23. Qh4 Rce8 24. Rxe8 Rxe8 25. Bg5 Kg7 26. Qh6+ Kh8 27. Qh4 Kg7 28. fxg6 fxg6 29. Be4 Nxe4 30. dxe4 h5 31. Bf6+ Kh7 32. Bg5 Kg7 33. g4 Rxe4 34. Bf6+ Kh7 35. h3 Bf4 36. Kg2 Bh6 37. Qf2 Rf4 38. Qe2 Nxf6 39. Rxf4 Qxf4 40. Qe7+ Bg7 0-1

[Event "GER CupT 1819 prel7"]
[Site "Ortenburg"]
[Date "2019.01.26"]
[Round "1.2"]
[White "Schlag, Andreas"]
[Black "Filipovic, Tomislav"]
[Result "0-1"]
[WhiteElo "2115"]
[BlackElo "2161"]
[PlyCount "70"]
[EventDate "2019.01.26"]
[EventType "team-k.o."]
[EventRounds "2"]
[EventCountry "GER"]
[SourceTitle "EXT 2021"]
[Source "ChessBase"]
[SourceDate "2020.10.23"]
[SourceVersion "1"]
[SourceVersionDate "2020.10.23"]
[SourceQuality "1"]
[WhiteTeam "Naumburg"]
[BlackTeam "Ortenburg"]
[WhiteTeamCountry "GER"]
[BlackTeamCountry "GER"]

1. e4 c5 2. Nf3 e6 3. d4 cxd4 4. Nxd4 Nc6 5. Nc3 Qc7 6. Ndb5 Qb8 7. a4 Nf6 8. Bg5 a6 9. Bxf6 gxf6 10. Na3 Qc7 11. Qf3 Be7 12. Qg3 Ne5 13. Nc4 d6 14. Nd2 Bd7 15. f4 Nc6 16. Qg7 0-0-0 17. Qxf7 h5 18. Bc4 Rdf8 19. Qg7 Rhg8 20. Qh7 Rh8 21. Qg7 Rfg8 22. Qf7 Kb8 23. 0-0-0 Rf8 24. Qg7 Rfg8 25. Qf7 Qd8 26. Bxe6 Rf8 27. Qg6 Bxe6 28. Qg3 Rhg8 29. Qf2 Qc7 30. f5 Bf7 31. Nf3 Ne5 32. Nd5 Bxd5 33. Rxd5 Rc8 34. Rhd1 Ng4 35. Qe2 Ne3 0-1

[Event "Oberliga Ost-B 1819"]
[Site "Germany"]
[Date "2018.12.16"]
[Round "5.7"]
[White "Bergmann, Harald"]
[Black "Schlag, Andreas"]
[Result "0-1"]
[WhiteElo "1771"]
[BlackElo "2118"]
[PlyCount "72"]
[EventDate "2018.10.21"]
[EventType "team-tourn"]
[EventRounds "11"]
[EventCountry "GER"]
[SourceTitle "EXT 2020"]
[Source "ChessBase"]
[SourceDate "2019.10.17"]
[SourceVersion "1"]
[SourceVersionDate "2019.10.17"]
[SourceQuality "1"]
[WhiteTeam "Erfurt Empor"]
[BlackTeam "Naumburg"]
[WhiteTeamCountry "GER"]
[BlackTeamCountry "GER"]

1. e4 d6 2. d4 Nf6 3. Nc3 c6 4. Nf3 g6 5. Be2 Bg7 6. 0-0 0-0 7. Bg5 h6 8. Bh4 g5 9. Nxg5 hxg5 10. Bxg5 Nh7 11. Bh4 Nd7 12. Qd3 Re8 13. Rad1 Ndf8 14. Bh5 Nf6 15. Qf3 Nxh5 16. Qxh5 Ng6 17. e5 Nxh4 18. Qxh4 Bf5 19. g4 Bh7 20. f4 dxe5 21. fxe5 Qb6 22. Qf2 Rf8 23. Na4 Qc7 24. Nc5 b6 25. Nd3 Qd7 26. Qf4 Rad8 27. Nf2 f6 28. e6 Qxe6 29. Rfe1 Qd7 30. c3 Rfe8 31. g5 fxg5 32. Qxg5 Qf5 33. Qg3 Kh8 34. Qc7 Rg8 35. Kf1 Qb5+ 36. Re2 e5 0-1